000 00370nam a22001577a 4500
003 OSt
008 201119b ||||| |||| 00| 0 eng d
100 _aSZE, S.M.
245 _aSemiconductor Devices Physics & Technology
250 _aRep.
260 _aNew Delhi
_bWiley
_c2018
300 _a582
650 _aB.Sc Non Medical
700 _aLEE, M.K
942 _2ddc
_cBK
999 _c9206
_d9206